MARC

Tag First Indicator Second Indicator Subfields
LEADER 00000cas a2200000 4500
001 in00000739713
005 20151016082510.0
008 760615d197u1991cauar s s0 a0eng
010 |a  76642273  
015 |a 014842378  |2 dnb 
015 |a 018080219  |2 dnb 
016 7 |a 876246-6  |2 DE-600 
016 7 |a 1303709-2  |2 DE-600 
019 |a 1934493  |a 8134455  |a 14089814 
022 0 |a 0362-1243  |l 0362-1243  |2 1 
029 1 |a NLGGC  |b 079490220 
029 1 |a AU@  |b 000000992934 
029 1 |a GBVCP  |b 169044513 
029 1 |a GBVCP  |b 19229668X 
030 |a CDOOAL 
035 |a (OCoLC)ocm02441457 
037 |b California Division of Oil & Gas, 1416 9th St., Room 1310, Sacramento, CA 95814 
040 |a DLC  |c DLC  |d NSD  |d DLC  |d OCL  |d NSD  |d NST  |d OCL  |d NYG  |d NST  |d WAU  |d ELM  |d NST  |d DLC  |d IXA  |d DLC  |d CUS  |d OCLCQ  |d CUS  |d OCLCQ  |d GBVCP  |d UtOrBLW 
042 |a pcc  |a nsdp 
043 |a n-us-ca 
049 |a TXAM 
050 0 0 |a TN872.C2  |b C2b 
082 0 |a 354.97940082/388/05 
090 |a TN872.C2  |b A25 
110 1 |a California.  |b Division of Oil and Gas. 
210 0 |a Annu. rep. State Oil Gas Superv. 
222 0 |a Annual report of the State Oil and Gas Supervisor 
245 1 0 |a Annual report of the State Oil and Gas Supervisor. 
246 3 0 |a Annual report of the State Oil & Gas Supervisor 
264 1 |a Sacramento :  |b California Division of Oil and Gas. 
300 |a volumes :  |b illustrations ;  |c 23 cm. 
336 |a text  |b txt  |2 rdacontent 
337 |a unmediated  |b n  |2 rdamedia 
338 |a volume  |b nc  |2 rdacarrier 
362 0 |a -77th (1991). 
490 1 |a <197u-> 1990: Report - California Division of Oil and Gas 
490 1 |a 1977-1991. Publication - California. Division of Oil and Gas ;  |v no. PR06 
500 |a Title varies slightly. 
515 |a Report year ends June 30. 
530 |a Also available via the World Wide Web. 
580 |a With: Technical papers - California Division of Oil and Gas, supersedes: Summary of operations (California. Division of Oil and Gas). 
650 0 |a Petroleum industry and trade  |z California  |v Statistics  |v Periodicals. 
650 0 |a Natural gas  |z California  |v Statistics  |v Periodicals. 
650 0 |a Geothermal resources  |z California  |v Statistics  |v Periodicals. 
760 0 |a California. Division of Oil and Gas.  |t Report - California Division of Oil and Gas  |x 0271-6984  |w (OCoLC)4349670 
780 1 3 |t Summary of operations (California. Division of Oil and Gas)  |x 0888-8248  |w (DLC)sn 86014449  |w (OCoLC)4900174 
785 0 0 |a California. Division of Oil, Gas, and Geothermal Resources.  |t Annual report of the State Oil & Gas Supervisor  |w (DLC) 98643355  |w (OCoLC)31910775 
787 1 |a California. Division of Oil and Gas.  |t Technical papers -California Division of Oil and Gas  |x 0196-464X  |w (DLC) 79649225  |w (OCoLC)3276907 
776 0 8 |i Online version:  |a California. Division of Oil and Gas.  |t Annual report of the State Oil and Gas Supervisor  |w (OCoLC)629699008 
830 0 |a Report (California. Division of Oil and Gas) ;  |v no. PRO 6. 
830 0 |a Publication (California. Division of Oil and Gas) ;  |v no. PRO6. 
850 |a CU-RivP  |a DLC  |a MiU  |a MnU  |a N  |a NN  |a TxU  |a WaU 
994 |a C0  |b TXA 
949 |a updated  |b h  |c 2011/1/28  |e coplinger  |f 9:52:26 am  |g title change 
999 |a MARS 
999 f f |s b0bb2fb9-6a46-39f9-876c-4ba5b23d3de2  |i 7d92a097-f769-3e6b-b1cd-e579ff7f18e7  |t 0 
952 f f |p ric  |a Texas A&M University  |b Rellis Campus  |c Joint Library Facility  |d Remote Storage  |t 0  |e TN872.C2 A25  |h Library of Congress classification  |i unmediated -- volume  |k 68th  |l 1982  |m A14807486505 
952 f f |p ric  |a Texas A&M University  |b Rellis Campus  |c Joint Library Facility  |d Remote Storage  |t 0  |e TN872.C2 A25  |h Library of Congress classification  |i unmediated -- volume  |k 72nd  |l 1986  |m A14811295534 
952 f f |p ric  |a Texas A&M University  |b Rellis Campus  |c Joint Library Facility  |d Remote Storage  |t 0  |e TN872.C2 A25  |h Library of Congress classification  |i unmediated -- volume  |k 64th  |l 1978  |m A14807392112 
952 f f |p ric  |a Texas A&M University  |b Rellis Campus  |c Joint Library Facility  |d Remote Storage  |t 0  |e TN872.C2 A25  |h Library of Congress classification  |i unmediated -- volume  |k 71st  |l 1985  |m A14809826913 
952 f f |p ric  |a Texas A&M University  |b Rellis Campus  |c Joint Library Facility  |d Remote Storage  |t 0  |e TN872.C2 A25  |h Library of Congress classification  |i unmediated -- volume  |k 60th  |l 1974  |m A14807392073 
952 f f |p ric  |a Texas A&M University  |b Rellis Campus  |c Joint Library Facility  |d Remote Storage  |t 0  |e TN872.C2 A25  |h Library of Congress classification  |i unmediated -- volume  |k 65th  |l 1979  |m A14807392120 
952 f f |p ric  |a Texas A&M University  |b Rellis Campus  |c Joint Library Facility  |d Remote Storage  |t 0  |e TN872.C2 A25  |h Library of Congress classification  |i unmediated -- volume  |k 66th  |l 1980  |m A14807392138 
952 f f |p ric  |a Texas A&M University  |b Rellis Campus  |c Joint Library Facility  |d Remote Storage  |t 0  |e TN872.C2 A25  |h Library of Congress classification  |i unmediated -- volume  |k 63rd  |l 1977  |m A14807392104 
952 f f |p ric  |a Texas A&M University  |b Rellis Campus  |c Joint Library Facility  |d Remote Storage  |t 0  |e TN872.C2 A25  |h Library of Congress classification  |i unmediated -- volume  |k 77th  |l 1991  |m A14818037644 
952 f f |p ric  |a Texas A&M University  |b Rellis Campus  |c Joint Library Facility  |d Remote Storage  |t 0  |e TN872.C2 A25  |h Library of Congress classification  |i unmediated -- volume  |k 74th  |l 1988  |m A14815621630 
952 f f |p ric  |a Texas A&M University  |b Rellis Campus  |c Joint Library Facility  |d Remote Storage  |t 0  |e TN872.C2 A25  |h Library of Congress classification  |i unmediated -- volume  |k 73rd  |l 1987  |m A14811295584 
952 f f |p ric  |a Texas A&M University  |b Rellis Campus  |c Joint Library Facility  |d Remote Storage  |t 0  |e TN872.C2 A25  |h Library of Congress classification  |i unmediated -- volume  |k 67th  |l 1981  |m A14807485850 
952 f f |p ric  |a Texas A&M University  |b Rellis Campus  |c Joint Library Facility  |d Remote Storage  |t 0  |e TN872.C2 A25  |h Library of Congress classification  |i unmediated -- volume  |k 61st  |l 1975  |m A14807392081 
952 f f |p ric  |a Texas A&M University  |b Rellis Campus  |c Joint Library Facility  |d Remote Storage  |t 0  |e TN872.C2 A25  |h Library of Congress classification  |i unmediated -- volume  |k 76th  |l 1990  |m A14818037597 
952 f f |p ric  |a Texas A&M University  |b Rellis Campus  |c Joint Library Facility  |d Remote Storage  |t 0  |e TN872.C2 A25  |h Library of Congress classification  |i unmediated -- volume  |k 75th  |l 1989  |m A14818037547 
952 f f |p ric  |a Texas A&M University  |b Rellis Campus  |c Joint Library Facility  |d Remote Storage  |t 0  |e TN872.C2 A25  |h Library of Congress classification  |i unmediated -- volume  |k 69th  |l 1983  |m A14808742726 
952 f f |p ric  |a Texas A&M University  |b Rellis Campus  |c Joint Library Facility  |d Remote Storage  |t 0  |e TN872.C2 A25  |h Library of Congress classification  |i unmediated -- volume  |k 70th  |l 1984  |m A14808418995 
952 f f |p ric  |a Texas A&M University  |b Rellis Campus  |c Joint Library Facility  |d Remote Storage  |t 0  |e TN872.C2 A25  |h Library of Congress classification  |i unmediated -- volume  |k 62nd  |l 1976  |m A14807392099 
998 f f |a TN872.C2 A25  |s 60th-77th (1974-1991)  |t 0  |l Remote Storage